| 000 | 00728nam a22002177a 4500 | ||
|---|---|---|---|
| 005 | 20241010062520.0 | ||
| 008 | 241003b |||||||| |||| 00| 0 eng d | ||
| 020 | _a9781529671049 | ||
| 082 | _aDC 158.3 D991 2024 | ||
| 100 |
_aDykes, Fiona Ballantine. _eauthor. _962070 |
||
| 245 |
_aCounselling skills and studies / _cFiona Ballantine Dykes, Traci Posting, and Barry Kopp. |
||
| 250 | _aThird edition. | ||
| 260 |
_aLondo : _bSage, _c©2024. |
||
| 300 |
_axiv, 344 pages : _billustrations ; _c23 cm. |
||
| 500 | _aIncludes references. | ||
| 650 | 0 |
_aCounseling psychology. _93422 |
|
| 650 | 0 |
_aPsychotherapy. _94555 |
|
| 700 |
_aPostings, Traci _eauthor. _962071 |
||
| 700 |
_aKopp, Barry _eauthor. _962072 |
||
| 942 |
_2ddc _cDC |
||
| 999 |
_c22133 _d22133 |
||